000
00260nam a2200097Ia 4500
001
639879
005
20250826153436.0
008
250824s9999 xx 000 0 und d
245
0
_a
ALİCE HARİKALAR DİYARINDA
_c
LEWIS CARROL
260
_b
ANTİK DÜNYA KLASİKLERİ
999
_c
639879
_d
639879